Catholic University of Zimbabwe Library
Online Public Access Catalogue
(OPAC)

How to be green. (Record no. 5085)

MARC details
000 -LEADER
fixed length control field 00505nam a22001932 4500
001 - CONTROL NUMBER
control field 0000005283
005 - DATE AND TIME OF LATEST TRANSACTION
control field 20170406120514.0
008 - FIXED-LENGTH DATA ELEMENTS--GENERAL INFORMATION
fixed length control field 141210s xx 000 0 eng d
020 ## - INTERNATIONAL STANDARD BOOK NUMBER
International Standard Book Number 9780712639156 :
Terms of availability $
040 ## - CATALOGING SOURCE
Original cataloging agency Your Holding Symbol
Transcribing agency Your Holding Symbol
100 1# - MAIN ENTRY--PERSONAL NAME
Personal name Button,John.
245 10 - TITLE STATEMENT
Title How to be green.
250 ## - EDITION STATEMENT
Edition statement ed.
260 ## - PUBLICATION, DISTRIBUTION, ETC.
Place of publication, distribution, etc. London :
Name of publisher, distributor, etc. Century,
Date of publication, distribution, etc. 1989.
300 ## - PHYSICAL DESCRIPTION
Extent 229 p. ;
Dimensions cm.
504 ## - BIBLIOGRAPHY, ETC. NOTE
Bibliography, etc. note index.
650 #0 - SUBJECT ADDED ENTRY--TOPICAL TERM
Topical term or geographic name entry element how to be green.
908 ## - PUT COMMAND PARAMETER (RLIN)
Put command parameter 141210
Holdings
Withdrawn status Lost status Source of classification or shelving scheme Damaged status Not for loan Home library Current library Shelving location Date acquired Total Checkouts Full call number Barcode Date last seen Price effective from Koha item type
          CUZ Harare Campus CUZ Harare Campus Open Shelf 06.04.2017   TD 171.7 B989 BK0005415 22.05.2025 06.04.2017 OS Book

OPENING HOURS

Weekdays: 0815hrs - 1800hrs
Weekends:0900hrs - 1200hrs

Closed for Mass:

Mon, Thur: 1200hrs - 1300hrs
Sunday & Public Holiday’s

CALL SUPPORT

0242-570570, 0242-570169
09200664, +263 8644140602

LOCATION

18443, Cranborne Avenue, Hatfield, Harare

Other Links


©2021 | CUZ Library